A to Z: Washington D.C. - Statistics

General Stats
  • This quiz has been taken 31 times
  • The average score is 22 of 25
Answer Stats
Clue Answer % Correct
K Author of a famous speech in 1963 King
97%
N Museum of ______ History Natural
97%
O Shape of the presidential office Oval
97%
P River to the west of D.C. Potomac
97%
A Nearby city home to the Pentagon Arlington
94%
E Legislative, ________, Judicial Executive
94%
J Country that gifted Washington D.C. its cherry trees Japan
94%
L Memorial he gave his speech from Lincoln
94%
G Top-rated university in D.C. Georgetown
90%
S Chain of 17 government-run museums in D.C. Smithsonian
90%
W Office complex that was bugged by associates of Richard Nixon Watergate
90%
Z Number of senators D.C. is granted Zero
90%
B The telegraph was first tested between D.C. and this city Baltimore
87%
D First name of Chappelle and Bautista Dave
87%
R Airport with the code DCA Reagan
87%
T Motto on license plates: "_______ without Representation" Taxation
87%
V War memorial: _______ Veterans Vietnam
87%
F Theater where Abe Lincoln was shot Ford's
84%
I Swearing-in of a U.S. President Inauguration
84%
C Formerly known as the Redskins Commanders
81%
M Where most famous landmarks in D.C. are located: National ____ Mall
81%
Y Anacostia River district: Navy ____ Yard
81%
U Washington's busiest train station Union
68%
H Walter Reed, Bethesda is nicknamed "The President's ________" Hospital
65%
Q Neighborhood: Penn _______ Quarter
58%
No matching quizzes found
Score Distribution
Percent of People with Each Score
Percentile by Number Answered
Your Score History
You have not taken this quiz